000
00263nam a2200097Ia 4500
008
220204s9999 xx 000 0 und d
082
_a
061.66:63(058)
_b
AGR
245
0
_a
Agricultural institutions in SAARC countries
260
_a
Bangladesh
_b
SAIC
_c
1993
942
_c
BK
999
_c
43655
_d
43655